000 00302nam a22001337a 4500
020 _a978-81-7992-814-1
082 _a158
_bSHA/G
100 _aSHARMA,ROBIN
245 _aTHE GREATNESS GUIDE 2
260 _aINDIA
_bJAICO BOOKS
300 _a203
650 _aPERSONALITY DEVELOPMENT
_zINDIA
942 _cBK
999 _c5346
_d5346